000
00322nam a2200145Ia 4500
003
OSt
005
20240307145103.0
008
170524s9999 xx 000 0 und d
020
_a
978-3030596668
040
_c
IIMTU MEERUT
100
_a
SINGH- D. K.
245
0
_a
STRENGTH OF MATERIALS
260
_b
Ane
942
_2
ddc
_c
02
999
_c
7763
_d
7763